000 00310nam a2200121Ia 4500
008 220120s9999||||xx |||||||||||||| ||und||
082 _a823 MAZ
100 _aMazer, Anne
245 4 _aThe amazing days of abby hayes
260 _aScholastic INC
_bNew Delhi
_c2008
300 _a92p.
_b15
650 _aMATHEMATICS
999 _c137449
_d137449